La responsabilidad contractual del porteador aéreo en el transporte de pasajeros
Zapisane w:
| 1. autor: | |
|---|---|
| Format: | Książka |
| Język: | hiszpański |
| Wydane: |
Valencia
Tirant lo Blanch
2005
|
| Seria: | Biblioteca Jurídica Mercantil
|
| Hasła przedmiotowe: | |
| Etykiety: |
Dodaj etykietę
Nie ma etykietki, Dołącz pierwszą etykiete!
|
MARC
| LEADER | 00000nam a2200000 a 4500 | ||
|---|---|---|---|
| 001 | UCG4818 | ||
| 003 | CL-VaPUC | ||
| 008 | 101202e20050000SP |||||||||||||||||spa|d | ||
| 020 | |a 8484562263 | ||
| 082 | 0 | 4 | |a 343.0978 |b GUE |2 21 |
| 100 | 0 | |a Guerrero Lebrón, María Jesús |e author |9 554268 | |
| 245 | 1 | 3 | |a La responsabilidad contractual del porteador aéreo en el transporte de pasajeros |
| 300 | |a 484 p | ||
| 942 | |c BK | ||
| 945 | |d 20101202 00:00:00 |a dcastane | ||
| 260 | |a Valencia |b Tirant lo Blanch |c 2005 | ||
| 650 | 0 | |a Transporte urbano |9 260307 | |
| 650 | 0 | |a Derecho y legislación |9 255077 | |
| 650 | 7 | |a TRANSPORTE DE PASAJEROS |2 CL-VaPUC |9 260885 | |
| 650 | 0 | |a Jurisprudencia |9 255952 | |
| 650 | 7 | |a TRAFICO URBANO |2 CL-VaPUC |9 554269 | |
| 583 | |a last modification |c 20101202 00:00:00 |k Rodrigo Vera | ||
| 490 | 0 | |a Biblioteca Jurídica Mercantil | |
| 999 | |c 343437 |d 343435 | ||
| 952 | |0 0 |1 0 |4 0 |6 343_097800000000000_GUE_2005 |7 0 |8 A |9 440738 |a BIBDER |b BIBDER |d 2019-11-22 |i 4737695 |l 3 |m 2 |o 343.0978 GUE 2005 |p 4737695 |q 2025-12-31 |r 2021-10-16 |s 2021-10-16 |w 2019-11-22 |y BK |k DER | ||